Florida Panthers Head Coaches - Statistics

General Stats
  • This quiz has been taken 6 times
  • The average score is 8 of 16
Answer Stats
Head Coach Tenure Win % % Correct
Joel Quenneville 2019-Present -
100%
Bob Boughner 2017-2019 .555
67%
Doug MacLean 1995-1997 .532
67%
Gerard Gallant 2014-2016 .591
67%
Kevin Dineen 2011-2013 .479
67%
Mike Keenan 2001-2003 .408
67%
Peter DeBoer 2008-2011 .492
67%
Bryan Murray 1997-1998 .381
50%
Jacques Martin 2005-2008 .520
50%
Terry Murray 1998-2000 .500
50%
Duane Sutter 2000-2001 .410
33%
Roger Neilson 1993-1995 .489
33%
Tom Rowe 2016-2017 .475
33%
Peter Horachek 2013-2014 .424
17%
Rick Dudley 2003-2004 .475
17%
John Torchetti 2004 .463
0%
No matching quizzes found
Score Distribution
Percent of People with Each Score
Percentile by Number Answered
Your Score History
You have not taken this quiz